| 000 | 00441nam a2200169Ia 4500 | ||
|---|---|---|---|
| 008 | 210719s2005 xx 000 0 und d | ||
| 020 | _a8126125225 | ||
| 041 | _aeng | ||
| 082 | _a658 AQUP | ||
| 100 | _aAQUINAS (P G) | ||
| 245 | _aPrinciples of management: foundations and realities. | ||
| 260 |
_aND _bAnmol Publications Pvt. Ltd. _c2005 |
||
| 300 |
_axv,551 _bPB |
||
| 365 |
_b195 _cRs |
||
| 650 | _aManagement | ||
| 906 | _aManagement | ||
| 999 |
_c213972 _d213972 |
||